Úprava postrekovača Kertitox na ochranné postreky melónov a uhoriek /Rozširovaný zlepšovací návrh č. 31/83/

Bibliographic Details
Main Author: (js) (Author)
Format: Article
Language:Slovak
PhysicalDescription:Obr. 2.
Subjects:

MARC

LEADER 00000nab a2200000 a 4500
001 vtls000160420
003 SK-MaSNL
005 20260303073154.0
008 111104c1983 xo 0 slo
015 |a SNBRB19rr/mm-uuuuu 
035 |a CL0170530 
040 |a SNKBUCL  |b slo  |c SNKBUCL  |e AACR2 
041 0 |a slo 
044 |a xo  |c SK 
080 |a 631.347.3  |2 1981 
080 |a 331.876  |2 1981 
100 1 |a (js)  |4 aut  |9 786531 
245 1 0 |a Úprava postrekovača Kertitox na ochranné postreky melónov a uhoriek  |b /Rozširovaný zlepšovací návrh č. 31/83/  |c (Js) 
300 |b Obr. 2. 
650 0 7 |a postrekovače  |2 snkbucl  |9 403520 
650 0 7 |a zlepšovateľstvo  |2 snkbucl  |9 271831 
655 7 |a články z novín a časopisov  |2 snkbucl  |9 267496 
773 0 |t Informácie MPVž SSR  |g Roč. 11, č. 13 (1983), s. 29-30 
850 |a Slovenská národná knižnica v Martine  |a MTA001 
852 |a SNK  |b KIS3GCP 
958 |a RK 
992 |a RBX 
999 |c 1766821  |d 1768751